[Event "Kesan op 16th"]
[Site "Kesan"]
[Date "2018.08.15"]
[Round "7"]
[White "Dimitrova, Leila"]
[Black "Abdulla, Khayala Mardan Qizi"]
[Result "1/2-1/2"]
[WhiteElo "2051"]
[BlackElo "2245"]
[PlyCount "147"]
[EventDate "2018.08.12"]
[EventType "swiss"]
[EventRounds "9"]
[EventCountry "TUR"]
[SourceTitle "CBM 186 Extra"]
[Source "ChessBase"]
[SourceDate "2018.08.24"]
[SourceVersion "1"]
[SourceVersionDate "2018.08.24"]
[SourceQuality "1"]

1. e4 c5 2. Nf3 e6 3. c3 d5 4. exd5 exd5 5. Bb5+ Nc6 6. 0-0 Bd6 7. d4 Nge7 8. Be3 cxd4 9. Nxd4 0-0 10. Nd2 Bc7 11. N2f3 Bg4 12. Be2 a6 13. Qd3 Ng6 14. Rfe1 Re8 15. Rad1 Nce5 16. Qc2 Qf6 17. Bg5 Nxf3+ 18. Nxf3 Qd6 19. g3 Rxe2 20. Qxe2 h6 21. Rd4 Bxf3 22. Qxf3 hxg5 23. Rxd5 Qc6 24. Qf5 Re8 25. Rxe8+ Qxe8 26. Rd7 Bd8 27. Rxb7 Bf6 28. Rb6 Qa8 29. Qd3 Ne5 30. Rxa6 Nf3+ 31. Kf1 Nxh2+ 32. Ke2 Qg2 33. Kd1 Ng4 34. Kc2 Qxf2+ 35. Kb3 Qg2 36. Rb6 g6 37. a4 Kg7 38. a5 Nf2 39. Qd7 Ne4 40. Qc6 Bd8 41. a6 Bxb6 42. Qxb6 Nd2+ 43. Ka2 Qd5+ 44. b3 Kh7 45. Qb7 Qf5 46. Kb2 Qb1+ 47. Ka3 Qa1+ 48. Kb4 Nb1 49. Qxf7+ Kh6 50. Qf8+ Kh7 51. Qf7+ Kh6 52. Qf6 Kh7 53. g4 Qa3+ 54. Kc4 Nd2+ 55. Kd3 Nxb3 56. Qf7+ Kh6 57. a7 Qa6+ 58. c4 Nc5+ 59. Kd4 Qd6+ 60. Qd5 Ne6+ 61. Ke4 Qf4+ 62. Kd3 Qf1+ 63. Kd2 Qf2+ 64. Kc3 Qe1+ 65. Kb2 Qb4+ 66. Kc2 Qa4+ 67. Kc3 Qa3+ 68. Kc2 Qa2+ 69. Kc3 Qa1+ 70. Kd2 Qa2+ 71. Kc3 Qa1+ 72. Kd2 Qb2+ 73. Ke3 Qa3+ 74. Ke4 1/2-1/2

[Event "BUL-chT-A (Women) 62nd"]
[Site "Sunny Beach"]
[Date "2012.09.22"]
[Round "4.3"]
[White "Dimitrova, Leila"]
[Black "Chilingirova, Pavlina"]
[Result "1/2-1/2"]
[WhiteElo "2112"]
[BlackElo "2111"]
[PlyCount "142"]
[EventDate "2012.09.19"]
[EventType "team-tourn"]
[EventRounds "7"]
[EventCountry "BUL"]
[SourceTitle "CBM 150 Extra"]
[Source "ChessBase"]
[SourceDate "2012.10.19"]
[SourceVersion "1"]
[SourceVersionDate "2012.10.19"]
[SourceQuality "1"]
[WhiteTeam "Pernik Krakra Pernishki (W)"]
[BlackTeam "Plovdiv Lokomotiv (W)"]
[WhiteTeamCountry "BUL"]
[BlackTeamCountry "BUL"]

1. e4 c5 2. Nf3 d6 3. d4 cxd4 4. Nxd4 Nf6 5. Nc3 a6 6. Bd3 e6 7. 0-0 Be7 8. Kh1 Nbd7 9. f4 Qc7 10. a3 Nc5 11. Qe1 g6 12. b4 Nxd3 13. cxd3 0-0 14. Bb2 Bd7 15. Rc1 Bc6 16. Nce2 e5 17. fxe5 Ng4 18. Nxc6 bxc6 19. Nf4 Nxe5 20. Bxe5 dxe5 21. Nd5 Qb7 22. Nxe7+ Qxe7 23. Rxc6 a5 24. Qc3 axb4 25. axb4 Ra2 26. Qb3 Re2 27. g3 Ra8 28. Rc2 Rxc2 29. Qxc2 Rb8 30. Qc5 Qxc5 31. bxc5 Rb3 32. Rc1 Rxd3 33. c6 Rd8 34. c7 Rc8 35. Rc5 Kg7 36. Kg2 Kf6 37. Kf3 Ke6 38. g4 Kd6 39. Rd5+ Kxc7 40. Rxe5 Kd6 41. Rd5+ Ke6 42. Kf4 Rc2 43. Re5+ Kd6 44. Rd5+ Ke7 45. Re5+ Kf8 46. h4 h6 47. Ra5 Kg7 48. g5 h5 49. Ra3 Rg2 50. Rh3 Rg4+ 51. Ke5 Kf8 52. Rh1 Ke7 53. Rh2 Rg1 54. Ra2 Rh1 55. Ra7+ Kf8 56. Kf6 Rf1+ 57. Ke5 Kg7 58. Kd5 Rd1+ 59. Kc5 Rh1 60. e5 Kf8 61. Ra4 Ke7 62. Kd5 Rd1+ 63. Ke4 Kf8 64. Ra8+ Kg7 65. Ra7 Rh1 66. Kd5 Rd1+ 67. Ke4 Rb1 68. Kd5 Rb5+ 69. Kd6 Rb6+ 70. Kd5 Rb5+ 71. Kd6 Rb6+ 1/2-1/2

[Event "BUL-chT-A (Women) 62nd"]
[Site "Sunny Beach"]
[Date "2012.09.19"]
[Round "1.3"]
[White "Djingarova, Emilia"]
[Black "Dimitrova, Leila"]
[Result "1-0"]
[WhiteElo "2282"]
[BlackElo "2112"]
[PlyCount "49"]
[EventDate "2012.09.19"]
[EventType "team-tourn"]
[EventRounds "7"]
[EventCountry "BUL"]
[SourceTitle "CBM 150 Extra"]
[Source "ChessBase"]
[SourceDate "2012.10.19"]
[SourceVersion "1"]
[SourceVersionDate "2012.10.19"]
[SourceQuality "1"]
[WhiteTeam "Sofia Shah XXI (W)"]
[BlackTeam "Pernik Krakra Pernishki (W)"]
[WhiteTeamCountry "BUL"]
[BlackTeamCountry "BUL"]

1. d4 Nf6 2. c4 d6 3. Nf3 c6 4. Nc3 Nbd7 5. g3 e5 6. Bg2 Be7 7. 0-0 0-0 8. Qc2 Qc7 9. Bd2 Re8 10. Rfd1 Bf8 11. Rac1 Nb6 12. Bg5 Be7 13. c5 dxc5 14. dxe5 Nfd5 15. Nxd5 Nxd5 16. Bxe7 Qxe7 17. Qxc5 Qxc5 18. Rxc5 Bg4 19. h3 Bh5 20. e4 Nb4 21. e6 Bxf3 22. exf7+ Kxf7 23. Bxf3 Nxa2 24. Rd4 a5 25. Bd1 1-0

[Event "BUL-chT (Women) 41th"]
[Site "Borovetz"]
[Date "2008.10.06"]
[Round "6"]
[White "Petkova, Veneta"]
[Black "Dimitrova, Leila"]
[Result "1-0"]
[WhiteElo "1939"]
[BlackElo "2143"]
[PlyCount "81"]
[EventDate "2008.10.01"]
[EventType "team-tourn"]
[EventRounds "7"]
[EventCountry "BUL"]
[SourceTitle "CBM 126 Extra"]
[Source "ChessBase"]
[SourceDate "2008.11.05"]
[SourceVersion "1"]
[SourceVersionDate "2008.11.05"]
[SourceQuality "1"]
[WhiteTeam "Varna Georgi Daskalov (W)"]
[BlackTeam "Sofia Fenix (W)"]
[WhiteTeamCountry "BUL"]
[BlackTeamCountry "BUL"]

1. e4 d6 2. Nc3 Nf6 3. f4 c6 4. Be2 Nbd7 5. Nf3 Qa5 6. 0-0 b5 7. e5 Nd5 8. Nxd5 cxd5 9. exd6 e6 10. d4 Bxd6 11. Bd3 0-0 12. Qe2 a6 13. Kh1 Bb7 14. Ne5 Nf6 15. Rf3 Ne4 16. Rh3 f6 17. Nf3 Rae8 18. Bd2 Qc7 19. Rf1 g6 20. Nh4 Ba8 21. Bc1 Rf7 22. Qg4 Rg7 23. Nf3 Bc6 24. Qh4 Be7 25. g4 Qa5 26. f5 g5 27. Qh6 exf5 28. Nxg5 fxg4 29. Ne6 Nf2+ 30. Rxf2 Qe1+ 31. Rf1 Qxe6 32. Bxh7+ Kf8 33. Bf5 Qe2 34. Qh8+ Kf7 35. Qh5+ Kf8 36. Qh8+ Kf7 37. Qh5+ Kf8 38. Rg1 Bc5 39. Bh6 Bxd4 40. Bxg7+ Ke7 41. Bxg4 1-0

[Event "BUL-chT (Women) 41th"]
[Site "Borovetz"]
[Date "2008.10.05"]
[Round "5"]
[White "Djingarova, Emilia"]
[Black "Dimitrova, Leila"]
[Result "1-0"]
[WhiteElo "2352"]
[BlackElo "2143"]
[PlyCount "93"]
[EventDate "2008.10.01"]
[EventType "team-tourn"]
[EventRounds "7"]
[EventCountry "BUL"]
[SourceTitle "CBM 126 Extra"]
[Source "ChessBase"]
[SourceDate "2008.11.05"]
[SourceVersion "1"]
[SourceVersionDate "2008.11.05"]
[SourceQuality "1"]
[WhiteTeam "Sofia Lokomotiv (W)"]
[BlackTeam "Sofia Fenix (W)"]
[WhiteTeamCountry "BUL"]
[BlackTeamCountry "BUL"]

1. d4 Nf6 2. c4 d6 3. Nf3 c6 4. Nc3 Nbd7 5. g3 e5 6. Qc2 Be7 7. Bg2 0-0 8. 0-0 Qc7 9. Rd1 Re8 10. h3 a6 11. Bd2 Rb8 12. Rac1 Bf8 13. e4 b5 14. c5 exd4 15. Nxd4 b4 16. Na4 Bb7 17. Bf4 Qa5 18. Nf5 dxc5 19. Bxb8 Rxb8 20. b3 Qc7 21. Nb2 g6 22. Ne3 Re8 23. Nbc4 Ne5 24. Nxe5 Qxe5 25. Nc4 Qe6 26. Qd2 Bc8 27. Re1 Be7 28. Rcd1 Rd8 29. Qe3 Re8 30. Qf4 Nh5 31. Qc7 Qf6 32. e5 Qg5 33. Qxc6 Rf8 34. Qf3 Be6 35. Qe3 Bxc4 36. Qxg5 Bxg5 37. bxc4 Ng7 38. Rd6 a5 39. f4 Be7 40. Rd7 Re8 41. Ra7 Nf5 42. Kf2 Rd8 43. Bd5 Kf8 44. Rxa5 h5 45. Ra7 h4 46. g4 Nd4 47. Ra8 1-0

[Event "BUL-chT (Women) 41th"]
[Site "Borovetz"]
[Date "2008.10.04"]
[Round "4"]
[White "Chilingirova, Pavlina"]
[Black "Dimitrova, Leila"]
[Result "1-0"]
[WhiteElo "2143"]
[BlackElo "2143"]
[PlyCount "131"]
[EventDate "2008.10.01"]
[EventType "team-tourn"]
[EventRounds "7"]
[EventCountry "BUL"]
[SourceTitle "CBM 126 Extra"]
[Source "ChessBase"]
[SourceDate "2008.11.05"]
[SourceVersion "1"]
[SourceVersionDate "2008.11.05"]
[SourceQuality "1"]
[WhiteTeam "Plovdiv Lokomotiv (W)"]
[BlackTeam "Sofia Fenix (W)"]
[WhiteTeamCountry "BUL"]
[BlackTeamCountry "BUL"]

1. c4 Nf6 2. Nc3 d6 3. g3 Nbd7 4. Bg2 c6 5. e4 e5 6. d4 Be7 7. Nge2 Qc7 8. 0-0 0-0 9. h3 a6 10. Qc2 Re8 11. Be3 Bf8 12. g4 exd4 13. Bxd4 Ne5 14. b3 Qe7 15. Ng3 h6 16. f4 Ng6 17. Rae1 Nh7 18. Nd1 Qh4 19. Qf2 Bd7 20. Ne3 b5 21. Nef5 Bxf5 22. gxf5 Ne7 23. Qf3 Nc8 24. Bf2 Qd8 25. e5 Ne7 26. Rd1 d5 27. Qg4 Qc8 28. cxd5 Nxd5 29. Bxd5 cxd5 30. Rxd5 Qc2 31. f6 Qg6 32. fxg7 Bxg7 33. Nf5 h5 34. Qxg6 fxg6 35. Nxg7 Kxg7 36. Rd7+ Kg8 37. Bc5 Nf8 38. Bxf8 Rxf8 39. Kg2 a5 40. Kf3 g5 41. Ke4 gxf4 42. Rg1+ Kh8 43. Rgg7 Rfe8 44. Kxf4 a4 45. Rh7+ Kg8 46. Rdg7+ Kf8 47. Rb7 Kg8 48. Rxh5 axb3 49. axb3 Ra1 50. Rg5+ Kf8 51. Rxb5 Rf1+ 52. Kg4 Rg1+ 53. Kh5 Rh1 54. h4 Re7 55. Rb8+ Kf7 56. Rbg8 Rb1 57. R8g7+ Kf8 58. Rxe7 Kxe7 59. Rg3 Re1 60. Kg6 Rxe5 61. h5 Kf8 62. h6 Re6+ 63. Kh7 Rf6 64. b4 Rb6 65. Rf3+ Ke8 66. Rf4 1-0

[Event "BUL-chT (Women) 57th"]
[Site "Sunny Beach"]
[Date "2007.10.05"]
[Round "7.4"]
[White "Dimitrova, Leila"]
[Black "Savova, Stefka"]
[Result "1/2-1/2"]
[WhiteElo "2125"]
[BlackElo "2162"]
[PlyCount "26"]
[EventDate "2007.09.29"]
[EventType "team"]
[EventRounds "7"]
[EventCountry "BUL"]
[SourceTitle "CBM 120 Extra"]
[Source "ChessBase"]
[SourceDate "2007.11.01"]
[SourceVersion "1"]
[SourceVersionDate "2007.11.01"]
[SourceQuality "1"]

1. e4 c5 2. Nf3 d6 3. d4 cxd4 4. Nxd4 Nf6 5. Nc3 a6 6. Bd3 e5 7. Nf3 Be7 8. 0-0 0-0 9. Re1 h6 10. h3 b5 11. a3 Nbd7 12. Qe2 Nc5 13. Bd2 Be6 1/2-1/2

[Event "BUL-chT (Women) 57th"]
[Site "Sunny Beach"]
[Date "2007.09.30"]
[Round "2.3"]
[White "Dimitrova, Leila"]
[Black "Chilingirova, Pavlina"]
[Result "1-0"]
[WhiteElo "2125"]
[BlackElo "2189"]
[PlyCount "113"]
[EventDate "2007.09.29"]
[EventType "team"]
[EventRounds "7"]
[EventCountry "BUL"]
[SourceTitle "CBM 120 Extra"]
[Source "ChessBase"]
[SourceDate "2007.11.01"]
[SourceVersion "1"]
[SourceVersionDate "2007.11.01"]
[SourceQuality "1"]

1. e4 c5 2. Nf3 d6 3. d4 Nf6 4. Nc3 cxd4 5. Nxd4 a6 6. Bd3 e5 7. Nf3 Be7 8. 0-0 0-0 9. h3 b5 10. a3 Bb7 11. Re1 h6 12. Qe2 Nbd7 13. Bd2 Rc8 14. Rad1 Nc5 15. Bc1 Nxd3 16. Rxd3 Qb6 17. Nh4 Rxc3 18. bxc3 Nxe4 19. Nf5 Bf6 20. Be3 Qc6 21. Qg4 Kh7 22. f3 Ng5 23. Nxd6 Ba8 24. h4 Ne6 25. Ne4 Be7 26. Qf5+ g6 27. Qxe5 f5 28. Nd6 Rf6 29. h5 Bd8 30. Bf2 gxh5 31. Nxf5 Rg6 32. Nd4 Nxd4 33. Qxd4 Bg5 34. Qd7+ Rg7 35. Qxc6 Bxc6 36. Re6 Bd7 37. Rxa6 Bf5 38. Rdd6 Bf4 39. Rf6 Bc8 40. Rab6 Bc1 41. Bd4 Bh3 42. Rf8 Bxa3 43. Bxg7 Kxg7 44. Ra8 Bc5+ 45. Kh2 Bxb6 46. Kxh3 Be3 47. Rb8 Bd2 48. Rxb5 Bxc3 49. Rxh5 Bd4 50. c4 Kg6 51. Rd5 Be3 52. c5 Kf6 53. c6 Ke6 54. Rd1 Bf4 55. Kg4 Bb8 56. Kh5 Bf4 57. Rd4 1-0

[Event "BUL-chT (Women) 38th"]
[Site "Sunny Beach"]
[Date "2005.10.01"]
[Round "8"]
[White "Dimitrova, Leila"]
[Black "Djingarova, Emilia"]
[Result "1/2-1/2"]
[WhiteElo "2119"]
[BlackElo "2277"]
[PlyCount "53"]
[EventDate "2005.09.26"]
[EventType "team-tourn"]
[EventRounds "9"]
[EventCountry "BUL"]
[SourceTitle "CBM 108 Extra"]
[Source "ChessBase"]
[SourceDate "2005.11.04"]
[SourceVersion "1"]
[SourceVersionDate "2005.11.04"]
[SourceQuality "1"]
[WhiteTeam "Kazanlak (W)"]
[BlackTeam "Plovdiv Lokomotiv (W)"]
[WhiteTeamCountry "BUL"]
[BlackTeamCountry "BUL"]

1. e4 c5 2. Nf3 e6 3. c3 Nf6 4. d3 Nc6 5. Nbd2 Qc7 6. g3 d5 7. Bg2 Be7 8. 0-0 0-0 9. Re1 dxe4 10. dxe4 e5 11. Qc2 b6 12. Nf1 Bb7 13. Bg5 Nd7 14. Ne3 Bxg5 15. Nxg5 h6 16. Nd5 Qd6 17. Nf3 Ne7 18. Nxe7+ Qxe7 19. Rad1 Rfd8 20. Nh4 g6 21. Qe2 Nf6 22. f3 Rxd1 23. Rxd1 Rd8 24. Bf1 Rd6 25. Rxd6 Qxd6 26. Qd3 Qxd3 27. Bxd3 1/2-1/2

[Event "BUL-chT (Women) 38th"]
[Site "Sunny Beach"]
[Date "2005.09.27"]
[Round "3"]
[White "Yordanova, Svetla"]
[Black "Dimitrova, Leila"]
[Result "1/2-1/2"]
[WhiteElo "2179"]
[BlackElo "2119"]
[PlyCount "43"]
[EventDate "2005.09.26"]
[EventType "team-tourn"]
[EventRounds "9"]
[EventCountry "BUL"]
[SourceTitle "CBM 108 Extra"]
[Source "ChessBase"]
[SourceDate "2005.11.04"]
[SourceVersion "1"]
[SourceVersionDate "2005.11.04"]
[SourceQuality "1"]
[WhiteTeam "Varna Georgi Daskalov (W)"]
[BlackTeam "Kazanlak (W)"]
[WhiteTeamCountry "BUL"]
[BlackTeamCountry "BUL"]

1. d4 Nf6 2. c4 d6 3. Nf3 Nbd7 4. Nc3 c6 5. e4 e5 6. Be2 Be7 7. 0-0 0-0 8. Qc2 a6 9. Rd1 Qc7 10. a4 a5 11. h3 Re8 12. Be3 Bf8 13. Rac1 exd4 14. Nxd4 Nc5 15. Bd3 Nxd3 16. Qxd3 Nd7 17. Nf5 Nc5 18. Bxc5 dxc5 19. Qf3 Be6 20. b3 Rad8 21. Ne2 Qe5 22. Neg3 1/2-1/2

[Event "BUL-ch sf (Women)"]
[Site "Pernik"]
[Date "2004.01.28"]
[Round "3"]
[White "Dimitrova, Leila"]
[Black "Savova, Stefka"]
[Result "0-1"]
[WhiteElo "2129"]
[BlackElo "2163"]
[PlyCount "60"]
[EventDate "2004.01.??"]
[EventType "swiss"]
[EventRounds "7"]
[EventCountry "BUL"]
[SourceTitle "CBM 098 Extra"]
[Source "ChessBase"]
[SourceDate "2004.03.10"]
[SourceVersion "2"]
[SourceVersionDate "2004.03.10"]
[SourceQuality "1"]

1. e4 c5 2. Nf3 d6 3. d4 cxd4 4. Nxd4 Nf6 5. Nc3 a6 6. a4 e5 7. Nb3 Be7 8. Be2 Be6 9. Be3 Nbd7 10. 0-0 Rc8 11. f3 Nb6 12. Re1 d5 13. Nxd5 Nbxd5 14. exd5 Nxd5 15. Bf2 0-0 16. Nd2 Nf4 17. Bf1 Qc7 18. c3 Rcd8 19. Qc2 f5 20. b3 Kh8 21. Nc4 Bxc4 22. Bxc4 Bg5 23. a5 Rd2 24. Qb1 e4 25. Rd1 Nh3+ 26. gxh3 Rxf2 27. Kxf2 Qxh2+ 28. Kf1 exf3 29. Ra2 Qh1+ 30. Kf2 Qg2+ 0-1

[Event "Balkaniad U20 Girls"]
[Site "Ankara"]
[Date "1993.??.??"]
[Round "3"]
[White "Vajda, Szidonia"]
[Black "Dimitrova, Leila"]
[Result "0-1"]
[WhiteElo "2145"]
[BlackElo "2150"]
[PlyCount "96"]
[EventDate "1993.??.??"]
[EventType "team"]
[EventRounds "6"]
[EventCountry "TUR"]
[SourceTitle "TD"]
[Source "ChessBase"]
[SourceDate "1994.03.01"]
[SourceVersion "1"]
[SourceVersionDate "1994.03.01"]
[SourceQuality "1"]

1. e4 d6 2. d4 Nf6 3. Nc3 c6 4. a4 Qa5 5. Bd2 e5 6. dxe5 dxe5 7. Bc4 Bb4 8. Nf3 0-0 9. 0-0 Bg4 10. Qe2 Nbd7 11. h3 Bh5 12. Rfd1 Rad8 13. Nb1 Bxf3 14. Qxf3 Bxd2 15. Nxd2 Qb4 16. b3 a5 17. c3 Qe7 18. Bf1 Nc5 19. Bc4 Rd7 20. b4 axb4 21. cxb4 Rfd8 22. bxc5 Rxd2 23. Rxd2 Rxd2 24. Rc1 Rd4 25. Bd3 Rxa4 26. Bc4 g6 27. Qb3 Ra8 28. Bd3 Kg7 29. g3 Rd8 30. Kg2 Rd4 31. Qb1 Nd7 32. Rc3 Nxc5 33. Bc2 b5 34. Rf3 Ne6 35. Qb2 b4 36. Qb1 c5 37. Ba4 c4 38. Bc6 Ng5 39. Re3 Qe6 40. Bd5 Qxh3+ 41. Kg1 Qg4 42. Re1 Nf3+ 43. Kg2 Nxe1+ 44. Qxe1 c3 45. Qb1 Qh5 46. Bb3 Qe2 47. Qa1 Qxe4+ 48. Kg1 c2 0-1

[Event "BUL-ch (Women)"]
[Site "Pernik"]
[Date "1992.??.??"]
[Round "4"]
[White "Nestorova, Lozanka"]
[Black "Dimitrova, Leila"]
[Result "1/2-1/2"]
[WhiteElo "2065"]
[BlackElo "2095"]
[PlyCount "83"]
[EventDate "1992.??.??"]
[EventType "swiss"]
[EventRounds "9"]
[EventCountry "BUL"]
[SourceTitle "EXT 1998"]
[Source "ChessBase"]
[SourceDate "1997.11.17"]
[SourceVersion "1"]
[SourceVersionDate "1997.11.17"]
[SourceQuality "1"]

1. d4 d6 2. c4 g6 3. g3 Bg7 4. Bg2 Nd7 5. Nf3 e5 6. Nc3 Ne7 7. 0-0 0-0 8. e4 c6 9. Be3 f5 10. dxe5 dxe5 11. Ng5 Nf6 12. Qb3 Qe8 13. exf5 gxf5 14. Bc5 h6 15. Nf3 Nd7 16. Bd6 Qf7 17. c5 Re8 18. Nh4 Nf8 19. f4 e4 20. g4 fxg4 21. Bxe4 Bf6 22. Ng2 Nf5 23. Qxf7+ Kxf7 24. Be5 Be7 25. b4 a5 26. a3 Ng6 27. Rae1 axb4 28. axb4 Ra3 29. Ne3 Nxe3 30. Rxe3 Nxe5 31. fxe5+ Kg7 32. Nd1 Rxe3 33. Nxe3 Bg5 34. Nc4 Be6 35. Nd6 Re7 36. Rd1 Bf4 37. Nf5+ Bxf5 38. Bxf5 Rxe5 39. Rd7+ Kf6 40. Bd3 Re7 41. Rxe7 Kxe7 42. Bf5 1/2-1/2

[Event "Stockerau op U18"]
[Site "Stockerau"]
[Date "1991.??.??"]
[Round "?"]
[White "Dimitrova, Leila"]
[Black "Chloupek, Stanislav"]
[Result "0-1"]
[WhiteElo "2070"]
[BlackElo "2365"]
[PlyCount "94"]
[EventDate "1991.??.??"]
[EventType "swiss"]
[EventRounds "9"]
[EventCountry "AUT"]
[SourceTitle "EXT 2002"]
[Source "ChessBase"]
[SourceDate "2001.11.25"]
[SourceVersion "1"]
[SourceVersionDate "2001.11.25"]
[SourceQuality "1"]

1. e4 c5 2. Nf3 d6 3. d4 cxd4 4. Nxd4 Nf6 5. Nc3 a6 6. Be3 e5 7. Nb3 Be6 8. Qd2 Nbd7 9. f3 b5 10. g4 Nb6 11. g5 Nh5 12. Nd5 Bxd5 13. exd5 Qc7 14. 0-0-0 Rc8 15. Qf2 Nc4 16. Bxc4 bxc4 17. Na1 c3 18. b3 Be7 19. Qh4 Qa5 20. Qa4+ Qxa4 21. bxa4 f5 22. Rhg1 Kf7 23. Nb3 Rc4 24. Rd3 Rhc8 25. Na5 Rxa4 26. Nc6 Rxa2 27. Rxc3 Ra1+ 28. Kb2 Rxg1 29. Bxg1 Ke8 30. Be3 f4 31. Nxe7 Rb8+ 32. Kc1 fxe3 33. Nf5 e2 34. Re3 Kd7 35. Rxe2 Rf8 36. Nh4 Nf4 37. Rd2 g6 38. c3 Rc8 39. Kc2 Rc5 40. Kb3 Nxd5 41. c4 Ne3 42. Ng2 Nxc4 43. Ra2 a5 44. Ne1 d5 45. Ra4 Kd6 46. Nd3 Nd2+ 47. Kb2 Rb5+ 0-1

[Event "BUL-ch (Women)"]
[Site "Bankia"]
[Date "1991.??.??"]
[Round "8"]
[White "Dimitrova, Leila"]
[Black "Georgieva, Emilia"]
[Result "1-0"]
[WhiteElo "2070"]
[BlackElo "2065"]
[PlyCount "57"]
[EventDate "1991.??.??"]
[EventType "swiss"]
[EventRounds "9"]
[EventCountry "BUL"]
[SourceTitle "EXT 2002"]
[Source "ChessBase"]
[SourceDate "2001.11.25"]
[SourceVersion "1"]
[SourceVersionDate "2001.11.25"]
[SourceQuality "1"]

1. e4 c5 2. Nf3 d6 3. d4 cxd4 4. Nxd4 Nf6 5. Nc3 a6 6. Be3 e5 7. Nb3 Be6 8. Qd2 b5 9. f3 Be7 10. 0-0-0 Qc7 11. g4 Nc6 12. g5 Nd7 13. Nd5 Bxd5 14. exd5 Nd8 15. h4 Nb7 16. Bh3 Ndc5 17. Bxc5 Nxc5 18. Na5 Rb8 19. Nc6 Rb7 20. f4 0-0 21. fxe5 dxe5 22. Nxe7+ Qxe7 23. d6 Qd8 24. Qd5 Qb6 25. Rhf1 Nd7 26. Be6 Qe3+ 27. Kb1 Nc5 28. Bxf7+ Rbxf7 29. Rxf7 1-0

[Event "BUL-ch (Women)"]
[Site "Bankia"]
[Date "1991.??.??"]
[Round "5"]
[White "Dimitrova, Leila"]
[Black "Ilieva, Hristina"]
[Result "1-0"]
[WhiteElo "2070"]
[BlackElo "2190"]
[PlyCount "53"]
[EventDate "1991.??.??"]
[EventType "swiss"]
[EventRounds "9"]
[EventCountry "BUL"]
[SourceTitle "EXT 2002"]
[Source "ChessBase"]
[SourceDate "2001.11.25"]
[SourceVersion "1"]
[SourceVersionDate "2001.11.25"]
[SourceQuality "1"]

1. e4 c6 2. d4 d5 3. Nd2 dxe4 4. Nxe4 Qc7 5. Bd3 Nf6 6. Nf3 Bg4 7. h3 Bh5 8. g4 Bg6 9. Ng3 Nbd7 10. Ng5 e6 11. Bxg6 hxg6 12. Qf3 Nb6 13. Bf4 Bd6 14. Bxd6 Qxd6 15. 0-0-0 Qe7 16. N5e4 Nxe4 17. Nxe4 0-0-0 18. Kb1 Rhe8 19. Rhe1 Qc7 20. Ng5 Re7 21. b3 Red7 22. c4 c5 23. dxc5 Qxc5 24. Nxf7 Nxc4 25. Nxd8 Qa3 26. Qc3 Rc7 27. Nxe6 1-0

[Event "Dortmund op"]
[Site "Dortmund"]
[Date "1990.??.??"]
[Round "2"]
[White "Dimitrova, Leila"]
[Black "Smagin, Sergey"]
[Result "0-1"]
[WhiteElo "2085"]
[BlackElo "2520"]
[PlyCount "24"]
[EventDate "1990.04.??"]
[EventType "swiss"]
[EventRounds "11"]
[EventCountry "GER"]
[SourceTitle "EXT 1997"]
[Source "ChessBase"]
[SourceDate "1996.11.15"]
[SourceVersion "1"]
[SourceVersionDate "1996.11.15"]
[SourceQuality "1"]

1. e4 d5 2. exd5 Nf6 3. d4 Nxd5 4. c4 Nb6 5. Nc3 g6 6. Nf3 Bg7 7. Bf4 0-0 8. Ne5 Na6 9. Be2 c5 10. Nb5 cxd4 11. Qxd4 Qxd4 12. Nxd4 f6 0-1